000 00776cam a22002171 4500
001 gs 19000464
003 DLC
005 20260227111324.0
008 940215s1891 gw abf 000 0 ger c
010 _ags 19000464
035 _a(OCoLC)29820537
040 _aLibrary, U.S. Geological Survey
_cCU
_dDLC
042 _apremarc
050 0 0 _aGB55
_b.G88
100 1 _aGünther, Siegmund,
_d1848-1923.
245 0 0 _aLehrbuch der physikalischen geographie,
_cvon Dr. Siegmund Günther ... mit 169 in den text gedruckten holzschnitten und 3 tafeln in farbendruck.
260 _aStuttgart,
_bF. Enke,
_c1891.
300 _axii, 508 p.
_billus., III pl. (part col., incl. double map) diagrs.
_c24 cm.
440 0 _aNaturwissenschaftliches lehrbuch
650 0 _aPhysical geography.
999 _c25968
_d25968